000 00647nam a2200193 a 4500
001 000005675
005 20200929151737.0
008 090821d2002 dr 001 0 spa d
040 _aDO-SdBNP
_bspa
_cBNPHU
082 _axxxx
_bR426p
110 1 _aRepública Dominicana
_bSuprema Corte de Justicia
_97906
240 1 3 _a[Leyes, etc]
245 1 0 _aProyecto de ley de registro inmobiliario /
_cintroducción Jorge A. Suvero Isa.
260 _aSanto Domingo :
_aPMJT,
_c2002.
300 _a90 p. ;
_c22 cm.
700 1 _aSuvero Isa, Jorge A.,
_eintr.
_916037
710 2 _aPrograma de Modernización de la Juridicción de Tierra
_916038
049 _aBNPD
999 _c5473
_d5473